000 00667nam a2200229 a 4500
001 BRL_1681
005 20190320211324.0
008 270514s1947----mx-#######---#000-0#spa-#
041 _aspa
044 _amx
050 4 _aF1219.3.R38
_b.T67 1947
100 1 _aToscano, Salvador
_d1912-1949
_918337
245 1 0 _aMitos y leyendas del antiguo México
_cpor Salvador Toscano.
260 _aMéxico
_bSEP
_c1947
300 _a80 p.
_c19 cm.
440 0 _aBiblioteca Enciclopédica Popular. Segunda época
_v182
_927623
500 _aAu2130
650 1 4 _aMitología indígena
_zMéxico
_923568
650 1 4 _aLeyendas
_zMéxico
_927624
902 _aGRL
942 _2lcc
_cB
999 _c10490
_d10490